| 000 | 00394nam a2200133Ia 4500 | ||
|---|---|---|---|
| 008 | 220217s9999||||xx |||||||||||||| ||und|| | ||
| 020 | _a81-7656-356-0 | ||
| 082 | _a005.13 BAY | ||
| 100 |
_aBoyross, Ivan _92867 |
||
| 245 | 0 | _aWeb enabled commercial application development using java 2. | |
| 260 |
_aBPB publications _bNew Delhi _c2001 |
||
| 300 | _b499 | ||
| 650 | _aPROGRAMMING LANGUAGE | ||
| 999 |
_c170172 _d170172 |
||